[Event "GRE Cup 30th"]
[Site "Achaia"]
[Date "2012.06.28"]
[Round "1.3"]
[White "Kamsky, Gata"]
[Black "Macieja, Bartlomiej"]
[Result "1/2-1/2"]
[WhiteElo "2741"]
[BlackElo "2614"]
[PlyCount "281"]
[EventDate "2012.06.28"]
[EventType "team-k.o."]
[EventRounds "2"]
[EventCountry "GRE"]
[SourceTitle "CBM 149 Extra"]
[Source "ChessBase"]
[SourceDate "2012.08.24"]
[SourceVersion "1"]
[SourceVersionDate "2012.08.24"]
[SourceQuality "1"]
[WhiteTeam "Kavalas"]
[BlackTeam "Corinth Argonaftis PM"]
[WhiteTeamCountry "GRE"]
[BlackTeamCountry "GRE"]

1. d4 Nf6 2. Nf3 d5 3. Bf4 c5 4. e3 cxd4 5. exd4 Nc6 6. c3 Bf5 7. Nbd2 e6 8.
Qb3 Qc8 9. Nh4 Bg6 10. Nxg6 hxg6 11. Bd3 Nh5 12. Be3 Bd6 13. g3 Nf6 14. Qd1 O-O
15. f4 Rb8 16. a4 a6 17. a5 b6 18. axb6 Rxb6 19. Ra2 a5 20. Nf3 Qc7 21. O-O
Rfb8 22. Bc1 Ne7 23. Qe2 Nf5 24. Ne5 Be7 25. Rxa5 Nd6 26. Ra2 Qb7 27. h4 Ra8
28. Rxa8+ Qxa8 29. Kh2 Nfe4 30. h5 gxh5 31. Qxh5 Qa2 32. Qe2 g6 33. Kg2 Nf5 34.
Bxe4 dxe4 35. Qxe4 Rxb2+ 36. Bxb2 Qxb2+ 37. Kh3 Qxc3 38. Nf3 Bf6 39. Rd1 Ne7
40. Qd3 Qb2 41. Rb1 Qf2 42. Rf1 Qb2 43. Ne5 Nd5 44. Nf3 Kg7 45. Re1 Qf2 46. Qe2
Bxd4 47. Qxf2 Bxf2 48. Rb1 Bb6 49. Ne5 Bd4 50. Nc4 Bf6 51. Rb7 g5 52. Kg4 gxf4
53. gxf4 Kg6 54. Kf3 Kg7 55. Rb1 Bd4 56. Nd6 Bc5 57. Ne4 Be7 58. Rb7 Kg6 59.
Rd7 Kg7 60. Nf2 Bf6 61. Nd3 Bd4 62. Rb7 Bf6 63. Nc5 Be7 64. Nd7 Bd6 65. Ne5
Bxe5 66. fxe5 Kg6 67. Ke4 f6 68. Rb3 Kf7 69. Rg3 Ne7 70. exf6 Kxf6 71. Rf3+ Nf5
72. Rf2 Ke7 73. Ke5 Nd6 74. Ra2 Nf7+ 75. Kd4 Kf6 76. Ra6 Nh6 77. Ra8 Nf5+ 78.
Kc5 Ke5 79. Ra1 Ng3 80. Re1+ Ne4+ 81. Kc4 Kf5 82. Kd3 Nf6 83. Kd4 Nd5 84. Kc5
Nf4 85. Kd6 Kf6 86. Re5 Nd3 87. Rxe6+ Kf5 88. Re8 Nf4 89. Kc5 Ne6+ 90. Kd6 Nf4
91. Re3 Kf6 92. Re5 Ng6 93. Ra5 Nf4 94. Rb5 Ne6 95. Rb8 Kf5 96. Kd5 Nf4+ 97.
Kd4 Ne6+ 98. Ke3 Ke5 99. Rb5+ Kd6 100. Ke4 Nc5+ 101. Kd4 Ne6+ 102. Kc4 Nf4 103.
Rf5 Ne6 104. Rd5+ Kc6 105. Rd1 Nc5 106. Kd4 Kd6 107. Kc4+ Kc6 108. Rd8 Ne6 109.
Rd5 Nc7 110. Rh5 Ne6 111. Rh7 Kd6 112. Ra7 Ke5 113. Ra5+ Ke4 114. Ra1 Ke5 115.
Re1+ Kd6 116. Re2 Nf4 117. Re1 Ne6 118. Re4 Nc5 119. Rd4+ Kc6 120. Rd2 Ne6 121.
Rd1 Nc5 122. Kd4 Kd6 123. Rb1 Ne6+ 124. Ke4 Nc5+ 125. Kf5 Kd5 126. Rd1+ Kc4
127. Kf4 Nd3+ 128. Ke3 Nc5 129. Rd4+ Kc3 130. Rh4 Nb3 131. Ke4 Kc4 132. Ke5+
Kc5 133. Rh8 Kc4 134. Rd8 Kc3 135. Kd5 Nd4 136. Rh8 Ne2 137. Ke4 Kd2 138. Rd8+
Kc2 139. Ke3 Nc3 140. Rb8 Nd1+ 141. Kd4 1/2-1/2

[Event "GRE-chT 40th"]
[Site "Achaia"]
[Date "2012.07.01"]
[Round "2.1"]
[White "Pavlidis, Anastasios"]
[Black "Kamsky, Gata"]
[Result "0-1"]
[WhiteElo "2360"]
[BlackElo "2741"]
[PlyCount "58"]
[EventDate "2012.06.30"]
[EventType "team-swiss"]
[EventRounds "7"]
[EventCountry "GRE"]
[SourceTitle "CBM 149 Extra"]
[Source "ChessBase"]
[SourceDate "2012.08.24"]
[SourceVersion "1"]
[SourceVersionDate "2012.08.24"]
[SourceQuality "1"]
[WhiteTeam "Chania Kydon"]
[BlackTeam "Kavalas"]
[WhiteTeamCountry "GRE"]
[BlackTeamCountry "GRE"]

1. d4 Nf6 2. c4 e6 3. Nf3 b6 4. a3 c6 5. Bg5 d5 6. Nc3 Be7 7. cxd5 exd5 8. e3
O-O 9. Qc2 Nbd7 10. Bd3 Bb7 11. O-O g6 12. Rac1 Re8 13. Qe2 a6 14. h3 c5 15.
dxc5 bxc5 16. Qd1 Qb6 17. Na4 Qa7 18. Be2 Rac8 19. Nc3 Bf8 20. Qd2 Qa8 21. Rfd1
Bg7 22. b4 d4 23. Na4 Ne4 24. Qa2 cxb4 25. Bc4 Nd6 26. Nxd4 Rxc4 27. Rxc4 Bd5
28. Nb2 Nxc4 29. Nxc4 Ne5 0-1

[Event "Amsterdam ACP Golden Classic"]
[Site "Amsterdam"]
[Date "2012.07.14"]
[Round "1"]
[White "Kamsky, Gata"]
[Black "Le, Quang Liem"]
[Result "1-0"]
[WhiteElo "2744"]
[BlackElo "2693"]
[PlyCount "71"]
[EventDate "2012.07.14"]
[EventType "tourn"]
[EventRounds "7"]
[EventCountry "NED"]
[EventCategory "19"]
[SourceTitle "CBM 150"]
[Source "ChessBase"]
[SourceDate "2012.09.14"]
[SourceVersion "1"]
[SourceVersionDate "2012.09.14"]
[SourceQuality "1"]

1. c4 c5 2. Nf3 Nc6 3. d4 cxd4 4. Nxd4 Nf6 5. g3 e5 6. Nb5 Bb4+ 7. N1c3 a6 8.
Nd6+ Ke7 9. Nf5+ Kf8 10. Ne3 Ne4 11. Ned5 Nxc3 12. bxc3 Bc5 13. Bg2 d6 14. Be3
Bxe3 15. Nxe3 Be6 16. O-O Ke7 17. Qd3 Rc8 18. Rab1 Qc7 19. f4 Na5 20. Nd5+ Bxd5
21. Bxd5 f6 22. Qf5 Qd7 23. Qh5 exf4 24. Rxf4 Rc5 25. Rxf6 gxf6 26. Qf7+ Kd8
27. Qxf6+ Kc7 28. Qxh8 Qe7 29. e4 Qd7 30. Rf1 Kb6 31. Rf7 Qa4 32. Qd8+ Ka7 33.
Qxd6 Qa3 34. Kg2 Qxa2+ 35. Kh3 Rc8 36. Qb4 1-0

[Event "Amsterdam ACP Golden Classic"]
[Site "Amsterdam"]
[Date "2012.07.15"]
[Round "2"]
[White "Sutovsky, Emil"]
[Black "Kamsky, Gata"]
[Result "1/2-1/2"]
[WhiteElo "2687"]
[BlackElo "2744"]
[PlyCount "64"]
[EventDate "2012.07.14"]
[EventType "tourn"]
[EventRounds "7"]
[EventCountry "NED"]
[EventCategory "19"]
[SourceTitle "CBM 150"]
[Source "ChessBase"]
[SourceDate "2012.09.14"]
[SourceVersion "1"]
[SourceVersionDate "2012.09.14"]
[SourceQuality "1"]

1. e4 e5 2. Nf3 Nc6 3. Bb5 a6 4. Ba4 Nf6 5. O-O Be7 6. Re1 b5 7. Bb3 d6 8. c3
O-O 9. d4 Bg4 10. Be3 exd4 11. cxd4 Na5 12. h3 Nxb3 13. axb3 Bh5 14. Nbd2 Qd7
15. Qc2 Rfc8 16. b4 h6 17. Nh4 d5 18. e5 Nh7 19. Ndf3 Bxf3 20. Nxf3 Bxb4 21.
Bd2 c5 22. e6 fxe6 23. Ne5 Qe8 24. Bxb4 cxb4 25. Qd2 a5 26. Re3 Nf6 27. Rae1
Ne4 28. Qd3 a4 29. f3 Nf6 30. Ng6 Ne4 31. Ne5 Nf6 32. Ng6 Ne4 1/2-1/2

[Event "Amsterdam ACP Golden Classic"]
[Site "Amsterdam"]
[Date "2012.07.20"]
[Round "6"]
[White "Kamsky, Gata"]
[Black "Muzychuk, Anna"]
[Result "1/2-1/2"]
[WhiteElo "2744"]
[BlackElo "2606"]
[PlyCount "97"]
[EventDate "2012.07.14"]
[EventType "tourn"]
[EventRounds "7"]
[EventCountry "NED"]
[EventCategory "19"]
[SourceTitle "CBM 150"]
[Source "ChessBase"]
[SourceDate "2012.09.14"]
[SourceVersion "1"]
[SourceVersionDate "2012.09.14"]
[SourceQuality "1"]

1. e4 e5 2. Nf3 Nc6 3. Bb5 a6 4. Ba4 Nf6 5. O-O Be7 6. Re1 b5 7. Bb3 O-O 8. d3
d6 9. a3 Be6 10. Nbd2 Qd7 11. Nf1 Bxb3 12. cxb3 Nd4 13. Nxd4 exd4 14. Ng3 c5
15. Bg5 Ne8 16. Bxe7 Qxe7 17. f4 Nf6 18. b4 g6 19. Qf3 Nd7 20. bxc5 dxc5 21. e5
f5 22. a4 b4 23. Qd5+ Kh8 24. Nf1 Rfd8 25. Nd2 Nb6 26. Qf3 Rac8 27. a5 Nd5 28.
Nc4 Qe6 29. Rac1 Rc7 30. Kh1 h6 31. Re2 g5 32. fxg5 hxg5 33. Nd6 f4 34. Qh3+
Qxh3 35. gxh3 Ne3 36. b3 Kg7 37. Rf2 Rf8 38. Rg1 Kg6 39. Ne4 Rf5 40. h4 g4 41.
Nf6 Rxe5 42. Nxg4 Nxg4 43. Rxf4 Kh5 44. Rfxg4 Rce7 45. Rg8 Re8 46. R8g7 R8e7
47. Rg8 Re8 48. R8g7 R8e7 49. Rg8 1/2-1/2

[Event "Amsterdam ACP Golden Classic"]
[Site "Amsterdam"]
[Date "2012.07.22"]
[Round "7"]
[White "Jobava, Baadur"]
[Black "Kamsky, Gata"]
[Result "0-1"]
[WhiteElo "2730"]
[BlackElo "2744"]
[Annotator "Erenburg,S"]
[PlyCount "116"]
[EventDate "2012.07.14"]
[EventType "tourn"]
[EventRounds "7"]
[EventCountry "NED"]
[EventCategory "19"]
[SourceTitle "CBM 150"]
[Source "ChessBase"]
[SourceDate "2012.09.14"]
[SourceVersion "1"]
[SourceVersionDate "2012.09.14"]
[SourceQuality "1"]

1. e4 e5 2. Nf3 Nc6 3. Bc4 Bc5 4. c3 Nf6 5. d4 exd4 6. e5 d5 7. Be2 $5 {
A rare continuation. Normally White pins Black's knight from b5. The idea of
this move is to create a strong centre by not allowing Black to pin White's
kingside knight from g4.} (7. Bb5 {is way more popular.}) 7... Ne4 8. cxd4 Bb6
{Keeping constant pressure on White's centre.} ({The other alternative is} 8...
Bb4+ 9. Nbd2 ({There is nothing wrong with} 9. Bd2 $5 {as well.}) 9... O-O 10.
O-O Bxd2 $6 ({I think it made more sense not to exchange the active pieces,
but keep the tension in the centre with} 10... Bf5 11. Nb3 a5 12. a3 Be7 13.
Be3 a4 14. Nbd2) 11. Bxd2 Nxd2 12. Qxd2 Bf5 13. Rac1 $14 {1-0 Cicak,S (2480)
-Lorenz,E (1960)/Filseck 1998/EXT 2006 (23)}) 9. O-O Bg4 $146 {I like Kamsky's
novelty. Black keeps his options open: he may castle to either side and attack
White's centre at any moment.} ({In the preceding game, Black tried} 9... O-O
10. Nc3 Be6 11. Be3 f6 12. Qb3 $6 (12. exf6 $5 Qxf6 13. Bd3 Nxc3 14. bxc3 Bg4
$11) (12. Bd3 fxe5 13. dxe5 Nxc3 14. bxc3 Bg4 $15) 12... Nxc3 13. bxc3 fxe5 14.
dxe5 Bxe3 (14... Qe7 $5) 15. fxe3 Na5 16. Qa3 b6 17. Rad1 Qe8 $15 {1/2-1/2
Socko,M (2486)-Pogonina,N (2491)/Plovdiv 2010/CBM 138 Extra (58)}) 10. Be3 f5
$5 {Kamsky is playing very consistently. He tries to force White to determine
the pawn structure right away, which may allow him to castle long.} (10... O-O
{is less ambitious, in view of} 11. Nc3 Qd7 12. Nd2 {and White's prospects
look good.}) 11. exf6 $6 {This helps Black to get mobilised quickly.} (11. Nc3
{seems to be better.} O-O 12. Ne1 $1) 11... Qxf6 12. Nc3 O-O-O {Black can be
completely satisfied with the outcome of the opening. He has no passive pieces,
White's centre is kind of vulnerable and Black's monarch is safe. White has to
play carefully in order to avoid serious problems.} 13. Na4 {Eliminating the
dark-squared bishop.} Kb8 14. Nxb6 axb6 15. a4 {White is trying to create an
attack on the queenside.} ({However,} 15. Ne5 {deserved attention as well.}
Bxe2 16. Nxc6+ Qxc6 17. Qxe2 $11) 15... Bxf3 ({Apparently, by trading the
bishop for White's knight, Kamsky wanted to prevent the following variation:} 
15... Rhe8 16. Ne5 Nxe5 (16... Bxe2 17. Nxc6+ Qxc6 18. Qxe2) 17. Bxg4 Nc4 18.
Bc1 $13) 16. Bxf3 Rhe8 17. b4 $1 Nd6 {Transfering the knight to c4.} (17...
Nxb4 18. a5 $132) 18. a5 (18. Bxd5 Nf5 19. Bxc6 Qxc6 $132) 18... b5 19. Qc1 ({
Now} 19. Bxd5 {was worth serious consideration. The difference is that White's
tactical possibilities had widened with the inclusion of 18.a5 b5:} Nf5 20.
Bxc6 Qxc6 21. Qd2 {so that} Nxd4 {is not playable anymore:} 22. Bxd4 Qc4 23.
Rad1 $14 Re4 $4 24. Ba7+) 19... Nc4 $6 {The move itself is not bad, but why
not take the central pawn?} ({I haven't found anything wrong with} 19... Nxd4
20. Bxd4 Qxd4 21. a6 (21. Rd1 Qxb4 $17) 21... c6 $1 $17) 20. Bg5 Qxd4 21. Bxd8
Rxd8 22. a6 $2 ({White could have protected the b-pawn and then started the
offensive on the queenside:} 22. Rd1 Qe5 23. Qb1 $5 {[%cal Ya5a6]}) 22... Nxb4
23. axb7 Kxb7 24. Rb1 c5 $17 {Although Houdini does not give Black a big
advantage, it is extremely difficult for White to play this kind of position.
Black has a clear plan of pushing forward his pawns, whereas White can only
look for tactical chances to save the game.} 25. Rd1 Qe5 26. Re1 Qf6 27. Rb3 {
The second rook has to join the battle somehow!} Kb6 28. Bd1 Rd6 (28... d4 $5 {
was probably better, but Black had to see the following line:} 29. Rf3 Qd6 30.
Rf7 Nd3 31. Qa1 Rd7) 29. Bc2 h6 $2 {Probably, Black was in severe time trouble
at this point. Otherwise, it is hard to explain why he did not play d5-d4.} (
29... d4 $1 30. Bxh7 (30. Rf3 Qh6) 30... d3 $19) 30. Re8 ({Houdini suggests
playing} 30. Bd3 {with the idea of slowing down Black's movement on the
queenside. However, it is hard to convince yourself that the passive defence
is better than activating the rooks.}) 30... Re6 31. Rf3 Rxe8 ({Perhaps} 31...
Qe5 {was more precise.} 32. Rxe6+ Qxe6 $19) 32. Rxf6+ gxf6 {[%mdl 1024]} 33.
Bg6 Rd8 34. Qxh6 Ne5 $2 {Too slow.} ({Black was better off starting pushing
his pawns right away:} 34... d4 $1 35. h4 d3 36. Bxd3 Rxd3 37. h5 Ne5 38. Qxf6+
Nbc6 39. Qf5 Rd1+ 40. Kh2 Rd6 41. f4 Nd3 $19 {and Black should be faster.}) 35.
Bf5 d4 36. Qxf6+ Nec6 37. h4 c4 (37... d3 {is similar to the game, and would
lead to an unbalanced and unclear position:} 38. h5 d2 39. Bg4 Rd4 40. Bd1 c4
41. Qf3 Rd3 42. Qe2 Nd5 43. Qe6 Nc3 44. Bc2 d1=Q+ 45. Bxd1 Rxd1+ 46. Kh2 Na4
47. h6 Nc5 48. Qf6 Rd7 49. g4 $13) 38. h5 d3 39. h6 d2 40. Bg4 d1=Q+ 41. Bxd1
Rxd1+ 42. Kh2 Rd7 43. g4 Nd3 $1 {Preparing the highway for the b-pawn and
bringing the knight to e5 to limit White's queen activity.} ({After} 43... Nd5
44. Qf5 Rd8 45. g5 {White's connected pawns pose a serious threat.}) 44. g5
Nde5 45. Qf4 $6 {Baadur prevents c4-c3, but Black has another dangerous pawn.}
({It was necessary to play} 45. Qf5 $1 {to help White's kingside pawns to
advance.} c3 46. h7 Nf3+ (46... Rxh7+ 47. Qxh7 Nf3+ 48. Kh1) 47. Kg3 (47. Qxf3
Rxh7+ 48. Kg2 c2 49. Qc3 Nb4 50. g6 Rc7 51. Qd4+ Ka6 52. Qa1+ Kb7 53. g7 Rc8
54. Qb2 Kb6 $11) 47... Rxh7 48. Qxh7 Nfd4 49. g6 c2 50. g7 c1=Q 51. g8=Q Qg1+
52. Kh3 Qh1+ 53. Kg3 Ne2+ 54. Kg4 Qg2+ 55. Kh4 Qxf2+ 56. Kh3 $11) 45... b4 46.
Qe3+ $2 ({It was not too late to play} 46. Qf5 c3 47. h7 Rxh7+ 48. Qxh7 Nf3+
49. Kg3 Nfd4 50. g6 c2 51. g7 c1=Q 52. g8=Q Qg1+ 53. Kh3 Qh1+ 54. Kg3 Ne2+ 55.
Kg4 Qg2+ 56. Kh4 Qxf2+) 46... Kb7 47. Qc5 $2 ({The last chance was} 47. Qe4 c3
48. h7 Nf3+ 49. Qxf3 Rxh7+ 50. Kg2 c2 51. Qf4 Rh4 $1 52. Qxh4 c1=Q 53. g6 Qb1
$1 54. Qf6 $17) 47... c3 $19 {Now it's over. Black is simply a lot faster.} 48.
f4 (48. Kg3 Rd3+ 49. Kg2 Ng6 $1 50. Qb5+ Kc7 51. Qc4 Kb6 $19) (48. Kg2 Nd3 49.
Qc4 c2 50. h7 Ne1+ 51. Kf1 Rxh7 $19) 48... Rd2+ 49. Kg3 c2 50. h7 (50. fxe5
Rd3+ 51. Kf2 Rc3 $19) 50... Rd3+ 51. Kg2 Rc3 52. Qb5+ Kc7 53. Qf1 c1=Q 54. Qxc1
Rxc1 55. h8=Q b3 56. Qh7+ Nd7 57. g6 b2 58. g7 Ne7 0-1

[Event "Washington op 1st"]
[Site "Rockville"]
[Date "2012.07.28"]
[Round "1"]
[White "Kamsky, Gata"]
[Black "Tuhrim, Richard"]
[Result "0-1"]
[WhiteElo "2744"]
[BlackElo "2268"]
[PlyCount "45"]
[EventDate "2012.07.28"]
[EventType "swiss"]
[EventRounds "9"]
[EventCountry "USA"]
[SourceTitle "CBM 149 Extra"]
[Source "ChessBase"]
[SourceDate "2012.08.24"]
[SourceVersion "1"]
[SourceVersionDate "2012.08.24"]
[SourceQuality "1"]

1. e4 e6 2. d4 d5 3. Nc3 Bb4 4. e5 c5 5. a3 Bxc3+ 6. bxc3 Ne7 7. Qg4 Qc7 8. Bd3
cxd4 9. Ne2 dxc3 10. Qxg7 Rg8 11. Qxh7 Nbc6 12. Bf4 Bd7 13. O-O O-O-O 14. Bg3
Rh8 15. Qxf7 Rdf8 16. Qg7 d4 17. Nxd4 Rfg8 18. Qf7 Rxg3 19. hxg3 Nxd4 20. Qxe7
Qxe5 21. Rfe1 Qd5 22. Qf6 Qh5 23. Qh4 0-1

[Event "Washington op 1st"]
[Site "Rockville"]
[Date "2012.07.28"]
[Round "2"]
[White "Ostrovskiy, Aleksandr A"]
[Black "Kamsky, Gata"]
[Result "1/2-1/2"]
[WhiteElo "2351"]
[BlackElo "2744"]
[PlyCount "99"]
[EventDate "2012.07.28"]
[EventType "swiss"]
[EventRounds "9"]
[EventCountry "USA"]
[SourceTitle "CBM 149 Extra"]
[Source "ChessBase"]
[SourceDate "2012.08.24"]
[SourceVersion "1"]
[SourceVersionDate "2012.08.24"]
[SourceQuality "1"]

1. e4 c5 2. Nf3 e6 3. d4 cxd4 4. Nxd4 a6 5. Bd3 g6 6. O-O Bg7 7. Nb3 Ne7 8. c4
O-O 9. Nc3 Nbc6 10. Bf4 d5 11. exd5 exd5 12. Be2 dxc4 13. Bxc4 b5 14. Be2 Qb6
15. Bf3 Be6 16. Qd6 Rad8 17. Qc5 Qxc5 18. Nxc5 Nd4 19. Bg5 Rfe8 20. Nxa6 Nxf3+
21. gxf3 Bxc3 22. bxc3 Rc8 23. Rfd1 Nf5 24. Nb4 h6 25. Bf6 g5 26. Nc2 Nh4 27.
Nd4 Bh3 28. f4 Kh7 29. fxg5 Kg6 30. f4 Re4 31. Kf2 Bd7 32. Be5 hxg5 33. Re1
Rxe1 34. Rxe1 f6 35. Bd6 Rxc3 36. fxg5 Rd3 37. Bc5 fxg5 38. Re3 Rd1 39. Re1
Rxe1 40. Kxe1 Kh5 41. Kf2 Kg4 42. Be7 Ng6 43. Bd8 Nf4 44. Nf3 Nh3+ 45. Ke3 Be8
46. Nxg5 Nxg5 47. Bxg5 Kxg5 48. Kd4 Kg4 49. Kc3 Kh3 50. a4 1/2-1/2

[Event "Washington op 1st"]
[Site "Rockville"]
[Date "2012.07.29"]
[Round "3"]
[White "Kamsky, Gata"]
[Black "Defibaugh, Jared E"]
[Result "1-0"]
[WhiteElo "2744"]
[BlackElo "2263"]
[PlyCount "103"]
[EventDate "2012.07.28"]
[EventType "swiss"]
[EventRounds "9"]
[EventCountry "USA"]
[SourceTitle "CBM 149 Extra"]
[Source "ChessBase"]
[SourceDate "2012.08.24"]
[SourceVersion "1"]
[SourceVersionDate "2012.08.24"]
[SourceQuality "1"]

1. Nf3 Nf6 2. c4 g6 3. g3 c6 4. Bg2 Bg7 5. O-O O-O 6. d4 d5 7. Qb3 Qb6 8. Nc3
Rd8 9. c5 Qxb3 10. axb3 Na6 11. Bf4 Ne4 12. Rfd1 f6 13. Ne1 Nxc3 14. bxc3 e5
15. Bd2 Bf5 16. e3 Nc7 17. Ra2 a6 18. Nc2 Rd7 19. Be1 Bxc2 20. Rxc2 exd4 21.
exd4 Re8 22. Kf1 Kf7 23. Re2 Rde7 24. Rxe7+ Rxe7 25. Bd2 Nb5 26. g4 Bf8 27. Bf3
Rd7 28. Be2 Be7 29. Bd3 Bd8 30. Kg2 Ba5 31. b4 Bc7 32. Ra1 Rd8 33. h4 h6 34. h5
g5 35. Re1 Rd7 36. Bg6+ Kg7 37. Bf5 Rf7 38. Bd3 Bd8 39. Re8 Rf8 40. Re1 Rf7 41.
Kf3 Kf8 42. Re6 Rc7 43. Bg6 Be7 44. Ke2 Rc8 45. Kd3 Nc7 46. Re1 Ra8 47. f4 Ne8
48. Rf1 Kg7 49. fxg5 hxg5 50. Re1 Kf8 51. h6 f5 52. gxf5 1-0

[Event "Washington op 1st"]
[Site "Rockville"]
[Date "2012.07.29"]
[Round "4"]
[White "Herman, Matthew J"]
[Black "Kamsky, Gata"]
[Result "0-1"]
[WhiteElo "2394"]
[BlackElo "2744"]
[Annotator "Mikhalchishin,A"]
[PlyCount "62"]
[EventDate "2012.07.28"]
[EventType "swiss"]
[EventRounds "9"]
[EventCountry "USA"]
[SourceTitle "CBM 149 Extra"]
[Source "ChessBase"]
[SourceDate "2012.08.24"]
[SourceVersion "1"]
[SourceVersionDate "2012.08.24"]
[SourceQuality "1"]
[WhiteClock "0:01:18"]
[BlackClock "0:46:10"]

1. e4 e5 2. Nf3 Nc6 3. Bc4 Bc5 4. c3 Nf6 5. d3 a6 6. Bg5 h6 7. Bh4 d6 8. Bb3
Ba7 9. Nbd2 ({Castling is too dangerous} 9. O-O Bg4 10. h3 Bh5 11. g4 Bg6 12.
Bg3 Qd7 13. Nbd2 h5 $1 14. g5 Qxh3 15. gxf6 Qxg3+ 16. Kh1 Qh3+ 17. Nh2 gxf6 18.
Qf3 Qxf3+ 19. Nhxf3 O-O-O 20. Nh4 Na5 {0-1 Hoolt,S (2122)-Borosova,Z (2210)/
Balatonlelle 2006; with an advantage for Black.}) 9... g5 $1 {This is a
powerful flank strategy, a bit similar to the famous Winter-Capablanca game.
This idea has been tried in a different manner in a few games.} (9... Qe7 10.
Qe2 g5 (10... Be6 11. Nc4 g5 12. Bg3 Nh5 13. Ne3 Bxe3 14. Qxe3 Nf4 15. Rg1
O-O-O 16. Ba4 Bd7 17. O-O-O Kb8 18. Nd2 Nd4 19. Bxd7 Nde2+ 20. Kb1 Nxg1 21. Bf5
Nxg2 22. Rxg1 Nxe3 23. fxe3 d5 24. d4 dxe4 25. Bxe5 Qxe5 26. dxe5 Rxd2 27. h4
Rd5 28. Bg4 Rxe5 {0-1 Tschohl,C (2160)-Steflitsch,E (2371)/Austria 2009}) 11.
Bg3 Bg4 12. h3 Be6 13. Nc4 Nh5 14. Ne3 Bxe3 15. Qxe3 Nf4 16. Bxf4 gxf4 17. Qe2
Rg8 18. Rg1 O-O-O 19. O-O-O Bxb3 20. axb3 Qe6 21. Kc2 d5 22. Nh4 d4 23. Nf5
dxc3 24. bxc3 Ne7 25. Nxe7+ Qxe7 26. g3 fxg3 27. fxg3 Rg6 {0-1 Zafesov,T (2149)
-Kim,S (2290)/Moscow 2008; and the white king is weaker than the black one.})
10. Bg3 Nh5 (10... Qe7 {was possible:} 11. O-O (11. O-O) 11... Bd7 12. Nc4
O-O-O {and then to prepare an attack slowly. Kamsky tries to complicate things
as soon as possible.}) 11. Nxe5 Nxg3 12. Bxf7+ Ke7 13. Ng6+ Kxf7 14. Nxh8+ Qxh8
15. hxg3 Qf6 16. Qe2 ({It was possible to start a central action immediately:} 
16. d4) 16... Kg7 17. Nc4 Bd7 18. Ne3 Rf8 19. Rf1 ({Now and for the next few
moves there was the very strong and logical} 19. d4) 19... Ne7 20. O-O-O Qe6
21. Kb1 d5 22. f3 Bb5 $2 ({It was better to centralise the bishop by} 22... d4
23. cxd4 Bxd4 24. Nc2 Nc6) 23. Qd2 (23. c4 {would be very unclear:} dxc4 24.
dxc4 Bxe3 25. cxb5 Bb6 26. bxa6 Ra8) 23... Rd8 24. f4 $2 ({White could get a
clear advantage after} 24. Nxd5 Nxd5 25. exd5 Qe3 (25... Qxd5 26. c4 Bxc4 27.
Qc3+) 26. Qxe3 Bxe3 27. g4) 24... dxe4 25. f5 Bxe3 26. fxe6 Bxd2 27. c4 (27.
Rf7+ {does not help:} Kg6 28. Rxd2 Bxd3+ 29. Rxd3 Rxd3 30. Rxe7 e3 31. Rd7 e2)
27... e3 $1 28. Rxd2 exd2 29. cxb5 Rxd3 30. Kc2 d1=Q+ 31. Rxd1 Rxd1 0-1

[Event "Washington op 1st"]
[Site "Rockville"]
[Date "2012.08.01"]
[Round "5"]
[White "Kamsky, Gata"]
[Black "Gareyev, Timur"]
[Result "1-0"]
[WhiteElo "2744"]
[BlackElo "2658"]
[PlyCount "119"]
[EventDate "2012.07.28"]
[EventType "swiss"]
[EventRounds "9"]
[EventCountry "USA"]
[SourceTitle "CBM 149 Extra"]
[Source "ChessBase"]
[SourceDate "2012.08.24"]
[SourceVersion "1"]
[SourceVersionDate "2012.08.24"]
[SourceQuality "1"]

1. e4 c5 2. Nf3 d6 3. d4 cxd4 4. Qxd4 Nc6 5. Bb5 Bd7 6. Bxc6 Bxc6 7. c4 Nf6 8.
Nc3 g6 9. O-O Bg7 10. Qd3 O-O 11. Nd4 Ng4 12. b3 Qb6 13. Nxc6 bxc6 14. Bb2 Qa5
15. h3 Ne5 16. Qe2 Rab8 17. f4 Nd7 18. Rf3 Nc5 19. Kh1 Qb4 20. e5 a5 21. Ne4
Nxe4 22. Qxe4 d5 23. Qe2 e6 24. Rc1 Rfd8 25. Rc2 Qb6 26. Ba3 c5 27. cxd5 Rxd5
28. Rfc3 Bf8 29. Qf2 Rc8 30. Kh2 Qd8 31. Rc4 Rd3 32. Bxc5 Rxc5 33. Rxc5 Bxc5
34. Qxc5 Kg7 35. Qf2 Rd4 36. Re2 h6 37. Qf3 Rd1 38. Qf2 Qd3 39. Qe3 Qb1 40. Qf2
Rh1+ 41. Kg3 Rf1 42. Qe3 Rd1 43. Qe4 Qa1 44. Qe3 Rc1 45. Qd2 Rd1 46. Qb2 Rd3+
47. Kf2 Qh1 48. Rd2 Rxd2+ 49. Qxd2 Qh2 50. a3 h5 51. Qe3 h4 52. b4 axb4 53.
axb4 Kh6 54. b5 Qh1 55. Qe1 Qh2 56. Kf3 g5 57. fxg5+ Kxg5 58. Qe3+ Kg6 59. Qf4
Qg1 60. Qf6+ 1-0